Video Game References In Fallout Games - Statistics

General Stats
  • This quiz has been taken 16 times
  • The average score is 5 of 10
Answer Stats
Refrence Answer % Correct
In New Vegas there's a skeleton in a fridge Indiana Jones
77%
Zeta Invader holotape is a parody of Space Invaders
77%
TES-04 can be found on telephone poles around Fallout 3 and New Vegas The Elder Scrolls
69%
At the RepConn Test Site in New Vegas, a terminal contains a conversation where a character berates a coworker for forgetting a cake Portal
62%
"A Slave Obeys" challenge in New Vegas requires killing Mr. House with a golf club BioShock
54%
The person who berated the coworkers is named Gordon Half Life
54%
Red Menace holotape is a parody of Donkey Kong
38%
Big Boss Cigarettes Metal Gear Solid
38%
Desert Rangers and a character called Johnny 5 Aces, the spiritual predecessor of Fallout Wasteland
38%
An evidence terminal in the South Boston Police Department mentions a suspect named Nicole Connley, nicknamed "Nico," who is accused of stealing a car Grand Theft Auto 4
31%
No matching quizzes found
Score Distribution
Percent of People with Each Score
Percentile by Number Answered
Your Score History
You have not taken this quiz